banner-ar

الفساد والمخالفات المالية فى عهد الملك فاروق : (Record no. 66773)

MARC details
000 -الفاتح
حقل البيانات ثابتة الطول 00924nam a2200205Ia 4500
005 - وقت وتاريخ اخر تعامل مع التسجيلة
رقم الضبط 20240530110938.0
008 - عناصر البيانات ثابتة الطول - معلومات عامة
حقل البيانات ثابتة الطول 140319s2021 ua dhf f 000 0 ara d
017 ## - رقم الايداع القانونى
رقم الايداع القانونى 2020/15849
المصدر ( الهيئة المختصة) مصر. دار الكتب
020 ## - الرقم الدولى المعيارى للكتب
الرقم الدولى المعيارى للكتاب 9789773146009
040 ## - مصدر الفهرسة
وكالة الفهرسة الأصلية GCL /
وكالة النسخ GCL
082 04 - رقم تصنيف ديوى العشرى
رقم الطبعة 21
رقم التصنيف 962.054
رقم المادة ق/م ف
100 0# - المدخل الرئيسى - إسم شخصى
الإسم الشخصى ميادة عبدالغنى حجازى
245 12 - بيان العنوان
العنوان الفساد والمخالفات المالية فى عهد الملك فاروق :
بقية العنوان 1936 - 1953 م /
بيان المسئوليه,etc المؤلف ميادة عبدالغنى حجازى ؛ تقديم جمال معوض شقرة
260 ## - PUBLICATION, DISTRIBUTION, ETC. (IMPRINT)
تاريخ النشر أو التوزيع 2021.
300 ## - الوصف المادى
التعداد 281 ص. :
تفاصيل ماديه اخرى للوعاء ايض ؛
أبعاد الوعاء 24 سم.
650 07 - المدخل الاضافى بالموضوع-مصطلح موضوعى
مصطلح موضوعي الفساد السياسى
التقسيم الفرعي الزمني عصر الملك فاروق
651 07 - المدخل الاضافى بالموضوع - اسم جغرافى
مصدر الرأس أو المصطلح qrmak
الاسم الجغرافي مصر
التقسيم الفرعي العام الاحوال السياسية
التقسيم الفرعي الزمني عصر الملك فاروق
700 0# - المدخل الاضافى - اسم شخصى
الإسم الشخصى جمال معوض شقرة
الدور مقدم
942 ## - عناصر المدخل الإضافي( كوها)
مصدر التصنيف او مخطط الترفيف Dewey Decimal Classification
Koha [default] item type كتاب
260 ## - PUBLICATION, DISTRIBUTION, ETC. (IMPRINT)
-- القاهرة :
-- دار زهراءالشرق،
Holdings
حالة التراجع حالة الفقد حالة تلف ليس للاعارة المكان المؤقت الموقع الحالى تاريخ الاكتساب اجمالي اﻻعارات رقم الطلب الباركود تاريخ اخر مشاهدة تاريخ تفعيل السعر نوع وعاء كوها
        مكتبة القاهرة الكبرى مكتبة القاهرة الكبرى 10/22/2022   962.054 ق/م ف 168659 10/22/2022 10/22/2022 كتاب

Powered By

EGPV